000 00337 a2200157 4500
001 56561
020 _a850805596X
040 _cAnchieta - Pituba
100 _aCarrasco, Walcyr
240 1 0 _aBalança coração
_lpor
245 1 0 _aBalança coração
300 _a112
362 0 _a1998
650 4 _aLiteratura juvenil
942 _cBK
999 _c56561
_d56561